Simulácia sieťovej komunikácie

Salvato in:
Dettagli Bibliografici
Autore principale: Mochnacký, Martin (Autore)
Altri autori: Marček, Stanislav (Relatore della tesi)
Natura: Manoscritto Libro
Lingua:slovacco
Pubblicazione: 2017
Soggetti:
Accesso online:http://is.stuba.sk/zp/portal_zp.pl?podrobnosti=116089
Tags: Aggiungi Tag
Nessun Tag, puoi essere il primo ad aggiungerne!!

MARC

LEADER 00000ntm a22000003a 4500
001 stuzp62251
003 SK-STU
005 20170801092047.6
007 ta
008 150427s2015----xo-----f-mn---000-0-slo-d
040 |a STU  |b slo 
041 0 |a slo 
044 |a xo 
100 1 |a Mochnacký, Martin  |u 035000  |4 aut  |U FEI Fakulta elektrotechniky a informatiky  |T FEI Ústav informatiky a matematiky  |X 74758  |U E050  |Y 816  |7 74758 
242 0 1 |a Simulation of Network Communication  |y eng 
245 1 0 |a Simulácia sieťovej komunikácie 
260 |c 2017 
300 |a 39 s.,   |b CD-ROM 
650 4 |a ITS  |2 slo 
650 4 |a NS-3  |2 slo 
650 4 |a Počítačové siete 2  |2 slo 
650 4 |a VANET  |2 slo 
650 4 |a Computer Networks 2  |2 eng 
650 4 |a ITS  |2 eng 
650 4 |a NS-3  |2 eng 
650 4 |a VANET  |2 eng 
700 1 |a Marček, Stanislav  |u 035000  |k Z1  |4 ths  |U FEI Fakulta elektrotechniky a informatiky  |T FEI Ústav informatiky a matematiky  |X 27068  |U E050  |Y 816  |7 A000027068 
856 4 |u http://is.stuba.sk/zp/portal_zp.pl?podrobnosti=116089 
996 |b 284ER02556  |c E*Bc- 2556  |l EE35  |s P  |a 0  |w stuzp62251_0001